Geometría analítica / (Registro nro. 13040)

Detalles MARC
000 -LIDER
fixed length control field 00627nam a22001937a 4500
003 - IDENTIFICACDOR DE NÚMERO DE CONTROL
control field DO-SdBNP
005 - DATE AND TIME OF LATEST TRANSACTION
control field 20171123124855.0
008 - ELEMENTOS DE LONGITUD FIJA
fixed length control field 171123b 2001mx||||| |||| 00| 0 spa d
040 ## - FUENTE DE CATALOGACIÓN
Agencia que crea de manera original el registro BPMSU
Idioma de catalogación spa
Agencia que realiza la transcripción BPMSU
100 ## - ASIENTO PRINCIPAL -- NOMBRE PERSONAL
Nombre personal Lehmann, Charles H:
240 ## - TITULO UNIFORME
Título uniforme Analytic geometry
Idioma de una obra Español
245 1# - MENCIÓN DE TITULO
Título Geometría analítica /
Mención de responsabilidad Charles H. Lehmann ; traducido Rafael García Díaz; revisión Marcelo Santaló Sors
260 ## - PUBLICACIÓN, DISTRIBUCIÓN, ETC. (PIE DE IMPRENTA)
Lugar de publicación, distribución, etc México, D.F. :
Nombre del editor, distribuidor, etc. Limusa,
Fecha de publicación, distribución, etc 2001
300 ## - DESCRIPCIÓN FÍSICA
Extensión 494 p.:
Otros detalles físicos il. ,
Dimensiones 23 cm.
500 ## - NOTA GENERAL
Nota general Incluye índice
700 ## - ASIENTO SECUNDARIO -- NOMBRE PERSONAL
Nombre personal García Díaz, Rafael
Mención de responsabilidad trad.
942 ## - ADDED ENTRY ELEMENTS (KOHA)
Source of classification or shelving scheme Dewey Decimal Classification
Koha item type Libros
945 ## - INFORMACIÓN DE PROCESAMIENTO LOCAL
Información de procesamiento local Inventariado, 2017/MFF
Existencias
Withdrawn status Lost status Source of classification or shelving scheme Damaged status Not for loan Collection code Home library Current library Date acquired Total Checkouts Barcode Date last seen Price effective from Koha item type
    Dewey Decimal Classification     Colección General Biblioteca Pública Metropolitana Salomé Ureña Biblioteca Pública Metropolitana Salomé Ureña 11/24/2017   BPMSU17110408 11/24/2017 11/24/2017 Libros